| 000 | 01337nam0a2200337 4500 | ||
|---|---|---|---|
| 001 | RU\NLR\bibl\1398327 | ||
| 005 | 20250615203210.0 | ||
| 010 |
_a978-5-282-02905-5 _9400 |
||
| 021 |
_aRU _b2009-42178 _92564 |
||
| 035 | _a(NLR Aleph) 001390343 | ||
| 090 |
_a1158096 _c1158096 |
||
| 100 | _a20090805d2009 |||y0rusy50 ca | ||
| 101 | 0 | _arus | |
| 102 | _aRU | ||
| 105 | _aa ||||||||| | ||
| 200 | 1 |
_aФормирование и развитие регионального кластера качества жизнеобеспечения _fК.Н. Савин |
|
| 210 |
_aМосква _cЭкономика _d2009 |
||
| 215 |
_a226, [1] с. _cил. _d21 |
||
| 300 | _aНа 4-й с. обл. авт.: Савин К.Н., к.э.н., доц., проф. | ||
| 320 | _aБиблиогр.: с. 211-227 (269 назв.) | ||
| 606 | 1 |
_aКачество жизни _xПолитэкономический аспект _92404427 _3RU\NLR\auth\661433039 |
|
| 606 | 1 |
_aКачество жизни _yТамбовская область _92563438 _3RU\NLR\auth\661516270 |
|
| 686 | _aУ010.7 | ||
| 686 | _aУ9(2)-94(2Р-4Т) | ||
| 700 | 1 |
_aСавин _bК. Н. _f1961- _gКонстантин Николаевич _4070 |
|
| 801 | 0 |
_aRU _bNLR _c20090805 _gRCR |
|
| 801 | 1 |
_aRU _bNLR _c20090805 |
|
| 830 | _aпо кн | ||
| 942 | _cBOOK | ||
| 980 | _aNB | ||